• 首页
  • 本馆介绍
  • 公告通知
  • 最新文献
  • 馆藏检索
  • 电子资源
  • 读者导购
  • 参考咨询
  • 我的图书馆
  • 登录
  • 详细信息显示
  • 放入我的书架
  • 预约/预借图书
  • 作者相关作品
  • 分类相关作品
  • 丛书相关作品
  • 出版社相关作品

书目信息

  • 表格格式
  • 工作单格式
  • 卡片格式
题名:
微聊环保
    
 
作者: 杜少中 著
分册:  
出版信息: 北京   中国人民大学出版社  2016.12
页数: 209页
开本: 24cm
丛书名:
单 册:
中图分类: X-12
科图分类:
主题词: 环境保护--中国--文集
电子资源:
ISBN: 978-7-300-23703-9
000 00976nam0 2200241 450
001 18
005 20180920162659.68
010    @a978-7-300-23703-9@dCNY42.00
100    @a20170427d2016 em y0chiy50 ea
101 0  @achi
102    @aCN@b110000
105    @aa z 000yy
200 1  @a微聊环保@9wei liao huan bao@e新闻发言人网上网下的故事@f杜少中著
210    @a北京@c中国人民大学出版社@d2016.12
215    @a209页@c图,照片@d24cm
314    @a杜少中,男,北京理工大学兼职教授,中国低碳智慧研究院院长,中国传媒大学健康与环境传播研究所所长等。
330    @a本书分“发言人的道”“怎样和媒体炼道”“精于术而明于道”“新媒体是环境科普的好平台”四个部分,讲述了作者作为新闻发言人的网上网下的故事,值得环保人士及新闻发言人学习和借鉴。
517 1  @a新闻发言人网上网下的故事@9xin wen fa yan ren wang shang wang xia de gu shi
606 0  @a环境保护@y中国@j文集
690    @aX-12@v5
701  0 @a杜少中@9du shao zhong@4著
801  0 @aCN@b91MARC@c20170427
905    @aMuseLib@dX-12@e226
    
    微聊环保:新闻发言人网上网下的故事/杜少中著.-北京:中国人民大学出版社,2016.12
    209页:图,照片;24cm
    
    
    ISBN 978-7-300-23703-9:CNY42.00
    本书分“发言人的道”“怎样和媒体炼道”“精于术而明于道”“新媒体是环境科普的好平台”四个部分,讲述了作者作为新闻发言人的网上网下的故事,值得环保人士及新闻发言人学习和借鉴。
●
相关链接 在E读中查询图书 在五车中查询图书 在当当中查询图书 在豆瓣中查询图书


正题名:微聊环保     索取号:X-12/226         预约/预借

序号 登录号 条形码 馆藏地/架位号 状态 备注
1 1117829   211178296   第二样本阅览室/ [索取号:X-12/226] 在馆    
2 1117830   211178303   第三借阅区/ [索取号:X-12/226] 在馆    
3 1117831   211178312   第三借阅区/ [索取号:X-12/226] 在馆    
4 1117832   211178321   第三借阅区/ [索取号:X-12/226] 在馆    
5 1117833   211178330   第三借阅区/ [索取号:X-12/226] 在馆    
唐山师范学院图书馆 欢迎您!
大连网信软件有限公司© 版权所有